00989nam a22002417a 450000500170000000800410001704000250005804100080008304400070009108200170009824500290011524601380014426001260028230000420040850401000045065000500055065000200060065000280062065000220064865000240067070000270069470000260072120180803165608.0140925s2012 ck ad r 000 0 spa d aCO-BoIAVHcCO-BoIAVH0 aspa ack04a333.72bP31p00aProducción mas limpia. aDiagnóstico ambiental en la jurisdicción de la CAR y alternativas de gestión ambiental con énfasis en producción mas limpia aBogotá : bCorporación Autónoma Regional de Cundinimarca CAR, bUniversidad Nacional Abierta y a Distancia, c2012. a104 p.bdiagramas, gráficasc24 cm. aIncluye referencias bibliográficas (p. 102-103), webgrafía (pag. 103) y glosario (pag. 101) 4aProducción industrialxAspectos ambientales 4aContaminación 4aDegradación ambiental 4aCalidad ambiental 4aGestión ambiental1 aPinzón, Maríaeed.1 aBecerra, Tatianaeed.